SUYU ARAYAN ADAM (Record no. 923938)
[ view plain ]
| 000 -LEADER | |
|---|---|
| sabit uzunluktaki kontrol alanı | 00252nam a2200097Ia 4500 |
| 001 - KONTROL NUMARASI | |
| kontrol alanı | 923938 |
| 005 - EN SON İŞLEMİN TARİH VE ZAMANI | |
| kontrol alanı | 20250826191512.0 |
| 008 - SABİT-UZUNLUKTA VERİ ÖĞELERİ--GENEL BİLGİ | |
| sabit uzunluktaki kontrol alanı | 250824s9999 xx 000 0 und d |
| 245 #0 - ESER / YAZAR | |
| ESER ADI | SUYU ARAYAN ADAM |
| Yazar Adı | ŞEVKET SÜREYYA AYDEMİR |
| 260 ## - YAYIN, DAĞITIM, VB. | |
| YAYIN EVİ | REMZİ KİTABEVİ |
| Düşüm durumu | Kayıp durumu | Hasar Durumu | Ödünç verilmez | Ana kütüphane | Geçerli Kütüphane | Edinilen tarih | Toplam ödünç verme sayısı | Barkod | Son görüntüleme tarihi | Fiyatın geçerli olmaya başladığı tarih | Koha materyal türü |
|---|---|---|---|---|---|---|---|---|---|---|---|
| ERBİL KORU ANADOLU LİSESİ | ERBİL KORU ANADOLU LİSESİ | 24.08.2025 | 10463282 | 26.08.2025 | 26.08.2025 | Books |